000
00237nam a22001097a 4500
999
_c
65401
_d
65398
082
_a
297.17MAZ
100
_a
Dr Mahar abdul Haq
245
_a
Educational philosophy of the Holy Quran
260
_a
Lahore
300
_a
330p
942
_c
BK